| 000 | 00823nam a2200253 4500 | ||
|---|---|---|---|
| 003 | CBULib | ||
| 005 | 20240619125642.0 | ||
| 008 | 240619b |||||||| |||| 00| 0 eng d | ||
| 040 |
_aCBULib _bEnglish _cCBULib _erda |
||
| 041 | _aeng | ||
| 050 | _aCBU-UG THESIS/SAK | ||
| 100 | _aSakala, Kondwani | ||
| 245 |
_c/ by Kondwani Sakala _aEffect of water quality on the abundance and distribution of fish in Kafubu River |
||
| 260 |
_aKitwe : _bCopperbelt University _c2012 |
||
| 300 | _ax, 87 pages : illustrations | ||
| 336 |
_2rdacontent _aText | _btxt |
||
| 337 |
_2rdamedia _aUnmediated | _bn |
||
| 338 |
_2rdacarrier _aVolume _bnc |
||
| 504 | _aIncludes references | ||
| 650 | _aWATER QUALITY--FISHES | ||
| 650 | _a FISHES--GEOGRAPHICAL DISTRIBUTION | ||
| 650 | _aFISH CULTURE--WATER SUPPPLY | ||
| 942 |
_2mc _c030 |
||
| 999 |
_c85038 _d85038 |
||